00333pab a2200121 454500008004000000100002200040245007300062260000900135300001300144362001100157650001300168773003000181180718b2002 xxu||||| |||| 00| 0 eng d aPlantg, Jeremy F. aRailroad policy and intermodalism: policy choices after deregulation c2002 ap.13-32. aSummer aRailways aReview of Policy Research